Aplikácia dane z pridanej hodnoty po vstupe Slovenskej republiky do Európskej únie

Významné zmeny, ktorým podlieha oblasť dane z pridanej hodnoty po vstupe SR do EÚ. Harmonizácia legislatívy v oblasti nepriamych daní. Smernice Rady EÚ, ktoré platia v obchodovaní s tovarmi a so službami medzi podnikateľmi. Aplikácia nového zákona o DPH č. 222/2004 Z.z. o dani z pridanej hodnoty v...

Full description

Saved in:
Bibliographic Details
Main Author: Jakabová, Saskia
Other Authors: Podolinský, Vladimír
Format: Book Chapter
Language:Slovak
Subjects:
Tags: Add Tag
No Tags, Be the first to tag this record!

MARC

LEADER 00000naa$a2200000$$$4500
001 0026813
005 20240502071427.0
041 0 |a slo 
044 |a SK 
245 1 0 |a Aplikácia dane z pridanej hodnoty po vstupe Slovenskej republiky do Európskej únie  |c Saskia Jakabová, Vladimír Podolinský 
520 |a Významné zmeny, ktorým podlieha oblasť dane z pridanej hodnoty po vstupe SR do EÚ. Harmonizácia legislatívy v oblasti nepriamych daní. Smernice Rady EÚ, ktoré platia v obchodovaní s tovarmi a so službami medzi podnikateľmi. Aplikácia nového zákona o DPH č. 222/2004 Z.z. o dani z pridanej hodnoty vo väzbe na niektoré základné princípy Európskeho spoločenstva. Nadobudnutie tovaru z iného členského štátu EÚ. Pre stanovenie daňovej povinnosti sú uvedené ilustračné príklady. 
610 2 0 |a dane z hodnoty pridanej 
610 2 0 |a trh spoločný 
610 2 0 |a harmonizácia 
610 2 0 |a legislatíva 
610 2 0 |a smernice 
610 2 0 |a pohyb tovaru 
610 2 0 |a podnikatelia 
610 2 0 |a Slovensko 
610 2 0 |a Európska únia 
100 1 |a Jakabová, Saskia 
700 1 |a Podolinský, Vladimír